000 00859cam a2200253 a 4500
001 000010538
005 20200929162239.0
008 831121s1980 cu b 001 e spa
035 _a(DLC) 83114071
040 _aDO-SdBNP
_cDLC
_dBNPHU
082 _aCu861.44
_bC431e
100 1 _aChacón y Calvo, José María,
_d1893-1969.
_925565
245 1 0 _aEstudios heredianos /
_cJosé María Chacón y Calvo ; prólogo de Salvador Arias.
260 _aCiudad de La Habana, (Cuba) :
_bLetras Cubanas,
_c1980.
300 _a185 p. ;
_c19 cm.
490 1 _aCrítica
504 _aBibliografía: p. [183]-185.
600 1 0 _aHEREDIA, JOSÉ MARÍA,
_d1803-1839.
_925566
650 4 _aPoetas cubanos
_ySIGLO XIX
_xBiografía
_925567
700 1 _aArias, Salvador,
_d1935-
_98761
830 0 _aCrítica
_920746
910 _aCatalogación por copia / LC
049 _aBNGR
999 _c10296
_d10296